000 00212nam a2200097Ia 4500
005 20251222120855.0
008 251222s1900||||xx |||||||||||||| ||spa||
082 _aDVD0080/P48/1964
245 0 _aBecket:
942 _cDVD
999 _c2384
_d2384